The oath / (Record no. 9728)
[ view plain ]
| 000 -LEADER | |
|---|---|
| fixed length control field | 01301cam a2200337 a 4500 |
| 001 - CONTROL NUMBER | |
| control field | 32346800 |
| 003 - CONTROL NUMBER IDENTIFIER | |
| control field | OCoLC |
| 005 - DATE AND TIME OF LATEST TRANSACTION | |
| control field | 20210121184159.0 |
| 008 - FIXED-LENGTH DATA ELEMENTS--GENERAL INFORMATION | |
| fixed length control field | 950330s1995 txu 000 1 eng |
| 010 ## - LIBRARY OF CONGRESS CONTROL NUMBER | |
| LC control number | 95014508 |
| 015 ## - NATIONAL BIBLIOGRAPHY NUMBER | |
| National bibliography number | GB96-47639 |
| 020 ## - INTERNATIONAL STANDARD BOOK NUMBER | |
| International Standard Book Number | 0849911788 (alk. paper) |
| 020 ## - INTERNATIONAL STANDARD BOOK NUMBER | |
| International Standard Book Number | 9780849911781 (alk. paper) |
| 035 ## - SYSTEM CONTROL NUMBER | |
| System control number | (OCoLC)32346800 |
| Canceled/invalid control number | (OCoLC)35017966 |
| -- | (OCoLC)60263948 |
| 040 ## - CATALOGING SOURCE | |
| Original cataloging agency | DLC |
| Language of cataloging | eng |
| Transcribing agency | DLC |
| Modifying agency | OCL |
| -- | UKM |
| -- | FIT |
| -- | OCL |
| -- | OCLCQ |
| -- | BAKER |
| -- | BTCTA |
| -- | YDXCP |
| -- | O2H |
| -- | OCLCQ |
| -- | CIRBC |
| 043 ## - GEOGRAPHIC AREA CODE | |
| Geographic area code | n-usp-- |
| 050 00 - LIBRARY OF CONGRESS CALL NUMBER | |
| Classification number | PS3566.E691317 |
| Item number | O27 1995 |
| 082 00 - DEWEY DECIMAL CLASSIFICATION NUMBER | |
| Classification number | 813/.54 |
| Edition number | 20 |
| 100 1# - MAIN ENTRY--PERSONAL NAME | |
| Personal name | Peretti, Frank E. |
| 245 14 - TITLE STATEMENT | |
| Title | The oath / |
| Statement of responsibility, etc. | Frank Peretti. |
| 260 ## - PUBLICATION, DISTRIBUTION, ETC. | |
| Place of publication, distribution, etc. | Dallas : |
| Name of publisher, distributor, etc. | Word Pub., |
| Date of publication, distribution, etc. | c1995. |
| 300 ## - PHYSICAL DESCRIPTION | |
| Extent | 549 p. ; |
| Dimensions | 25 cm. |
| 520 ## - SUMMARY, ETC. | |
| Summary, etc. | In the 1880s, a fiery preacher is hanged in a mining town by people who reject God in favor of Reason. The people's sins give birth to a dragon which to this day terrorizes the area. The story is recounted by a wildlife biologist who meets the dragon while investigating killer-bears. By the author of This Present Darkness. |
| 650 #0 - SUBJECT ADDED ENTRY--TOPICAL TERM | |
| Topical term or geographic name entry element | Dragons |
| Form subdivision | Fiction. |
| 651 #0 - SUBJECT ADDED ENTRY--GEOGRAPHIC NAME | |
| Geographic name | Northwest, Pacific |
| Form subdivision | Fiction. |
| 653 0# - INDEX TERM--UNCONTROLLED | |
| Uncontrolled term | English fiction. |
| 653 0# - INDEX TERM--UNCONTROLLED | |
| Uncontrolled term | United States. |
| 655 #0 - INDEX TERM--GENRE/FORM | |
| Genre/form data or focus term | Christian fiction. |
| 655 #7 - INDEX TERM--GENRE/FORM | |
| Genre/form data or focus term | Allegories. |
| Source of term | gsafd |
| 942 ## - ADDED ENTRY ELEMENTS (KOHA) | |
| Source of classification or shelving scheme | Dewey Decimal Classification |
| Koha item type | Books |
| Withdrawn status | Lost status | Source of classification or shelving scheme | Damaged status | Not for loan | Collection code | Home library | Current library | Shelving location | Date acquired | Total Checkouts | Full call number | Barcode | Date last seen | Price effective from | Koha item type |
|---|---|---|---|---|---|---|---|---|---|---|---|---|---|---|---|
| Dewey Decimal Classification | Fiction | Harvest Mission College | Harvest Mission College | General Stacks | 03.02.2021 | 813.54 P435O | 011137 | 03.02.2021 | 03.02.2021 | Books |
